| 000 | 00627nam a2200205Ia 4500 | ||
|---|---|---|---|
| 003 | PILC | ||
| 005 | 20160222145628.0 | ||
| 008 | 140321s9999 xx 000 0 und d | ||
| 020 | _a9789711012182 | ||
| 050 |
_aDS 654 _b.L959 2012 |
||
| 100 | _aLozano, Jaime Escobar Y. | ||
| 245 |
_aIndex guide for travelers in the Philippine islands / _cJaime Escobar Y Lozano. |
||
| 260 |
_aQuezon City : _bNew Day Pub., _c2012. |
||
| 300 |
_a200 pages ; _c23 cm. |
||
| 650 |
_aPhilippines _xDescription and travel. |
||
| 650 |
_aPhilippines _xGuidebooks. |
||
| 650 |
_aPhilippines _xHistory. |
||
| 942 |
_kLOC _cBK _2lcc |
||
| 999 |
_c48362 _d48362 |
||